000 00456nab a2200145Ia 4500
003 ES-SlBCS
005 20210601125232.0
008 140529s1973 xxu||||| |||| 00| 0 eng d
041 _aeng
100 1 _aArmstrong, A. Macc.
_9151914
245 0 0 _aOn Methodological Materialism
_c A. MacC. Armstrong
650 0 4 _aMaterialismo Metodológico
_9155790
773 0 _tPhilosophy and Phenomenological Research
_gvol. 34, 1973, págs. 62-72
_wRev1411
942 _cAR
999 _c526991
_d526991